00941 a2200205 450000500170000000800410001702000180005804000510007604100080012724501800013526000400031530000690035550400410042465000530046565000410051865000480055970000350060770000330064271000600067520140903175006.0131206s2011 ck ado fr|||| 00| 0 spa d a9789586956680 aCO-BoUCMbspacJose A. GerenadDiana Londoño00aspa04aLos dilemas del reasentamiento debates y experiencias de la mesa nacional de diálogos sobre reasentamiento de poblaciónccompilado por Margarita Serje y Stefano Anzellini c2011bUniandesaBogotá (Colombia) a253 páginasbilustraciones, cuadros, gráficas, fotografías aIncluye referencias bibliográficas 7aAsentamientos urbanosxInvestigacioneszColombia 7aUrbanismoxInvestigacioneszColombia 7aVivienda popularxInvestigacioneszColombia1 aAnzellini, Stefanoecompilador1 aSerje, Margaritaecompilador1 aUniversidad de los AndesbFacultad de siencias sociales